000 00529cam a2200193ua 4500
001 12295
005 20260515114848.0
008 120831n ii |||gr||||Z||||||asm
020 _a9789382587538
040 _cMAIN
082 _a891.4514
100 _aPrafulla Kumar Nath,
_eAuthor.
245 _aAsamiya sahitya aru sanskritir rup rekha
_cBy Prafulla Kumar nath
250 _a1st ed.
260 _aGuwahati:
_bBishal prakashan,
_c2017.
300 _a352p.
653 _aEast Indo-European & Celtic literatures
942 _cBK
999 _c11037
_d11037